DeVoto's West (Record no. 71297)
[ view plain ]
| 000 -LEADER | |
|---|---|
| fixed length control field | 01928nam a2200433Ia 4500 |
| 082 04 - DEWEY DECIMAL CLASSIFICATION NUMBER | |
| Classification number | 333.72/0978 |
| 100 1# - MAIN ENTRY--AUTHOR NAME | |
| Personal name | De Voto, Bernard Augustine, |
| 245 10 - TITLE STATEMENT | |
| Title | DeVoto's West |
| 260 ## - PUBLICATION, DISTRIBUTION, ETC. (IMPRINT) | |
| Place of publication | Athens, Ohio : |
| Name of publisher | Swallow Press : |
| -- | Ohio University Press, |
| Year of publication | c2005. |
| 300 ## - PHYSICAL DESCRIPTION | |
| Number of Pages | xxxv, 275 p. |
| 500 ## - GENERAL NOTE | |
| General note | "Published in association with the Center for American Places Santa Fe, New Mexico, and Staunton, Virginia." |
| General note | "DeVoto's West collects twenty-two of DeVoto's essays on the American West and convervation issues"--Introd. |
| 650 #0 - SUBJECT ADDED ENTRY--TOPICAL TERM | |
| Topical Term | Environmental protection |
| Topical Term | Conservation of natural resources |
| Topical Term | Public lands |
| Topical Term | Common good. |
| Topical Term | Environmental degradation |
| 700 1# - ADDED ENTRY--PERSONAL NAME | |
| Personal name | Muller, Edward K. |
| 856 40 - ELECTRONIC LOCATION AND ACCESS | |
| Uniform Resource Identifier | http://site.ebrary.com/lib/rucke/Doc?id=10091961 |
No items available.
